UBT Library

The Politics of the gender gap : (Record no. 41203)

000 -LEADER
fixed length control field 00711cam a2200241 a 4500
001 - CONTROL NUMBER
control field 1478154
005 - DATE AND TIME OF LATEST TRANSACTION
control field 20180130031932.0
008 - FIXED-LENGTH DATA ELEMENTS--GENERAL INFORMATION
fixed length control field 870730s1988 cau b 000 0 eng
010 ## - LIBRARY OF CONGRESS CONTROL NUMBER
LC control number 87022454
020 ## - INTERNATIONAL STANDARD BOOK NUMBER
International Standard Book Number 0803927320 :
Terms of availability $29.95
020 ## - INTERNATIONAL STANDARD BOOK NUMBER
International Standard Book Number 0803927339 (soft) :
Terms of availability $14.95
040 ## - CATALOGING SOURCE
Original cataloging agency DLC
Transcribing agency DLC
Modifying agency DLC
-- OCoLC
-- DLC
041 ## - LANGUAGE CODE
Language code of text/sound track or separate title eng
043 ## - GEOGRAPHIC AREA CODE
Geographic area code n-us---
080 ## - UNIVERSAL DECIMAL CLASSIFICATION NUMBER
Universal Decimal Classification number 320.088042 car
082 00 - DEWEY DECIMAL CLASSIFICATION NUMBER
Classification number 320.088042 car
Edition number 19
100 ## - Rafti
Rafti 21
101 ## - Shkurtesa
Shkurtesa pol
245 04 - TITLE STATEMENT
Title The Politics of the gender gap :
Statement of responsibility, etc edited by Carol M. Mueller.
504 ## - BIBLIOGRAPHY, ETC. NOTE
Bibliography, etc Bibliography: p. 300-312.
906 ## - LOCAL DATA ELEMENT F, LDF (RLIN)
a 7
b cbc
c orignew
d 1
e ocip
f 19
g y-gencatlg
942 ## - ADDED ENTRY ELEMENTS (KOHA)
Source of classification or shelving scheme
Item type Books
Holdings
Withdrawn status Lost status Source of classification or shelving scheme Damaged status Not for loan Collection code Permanent location Current location Shelving location Date acquired Total Checkouts Full call number Barcode Date last seen Price effective from Koha item type
          Koleksioni i përgjithshem UBT - Lipjan UBT - Lipjan Koleksioni i përgjithshem 01/30/2018   320.088042 car 002-2996959 01/30/2018 01/30/2018 Books
UBT Library © 2015-2024. All rights reserved University Education for Business and Technology